Elektronické prvky Pre odbor technická kybernetika a automatizované systémy riadenia

Bibliographic Details
Main Author: Burger, Ivan (Author)
Format: Book
Language:Slovak
PhysicalDescription:133 s., 9,377 AH 29 cm
Published: Bratislava Slovenská vysoká škola technická 1983
Edition:1. vyd. Dotl.

MARC

LEADER 00000nam a2200000 a 4500
001 vtls001117136
003 SK-MaSNL
005 20260301055628.0
008 250414s1983 xo 0 slo
015 |a SNBA1984/01 
035 |a SNK000059979 
040 |a SNK  |b slo  |c SNK  |e AACR2 
041 0 |a slo 
044 |a xo  |c SK 
080 |a 621.382(075.8)  |2 1981 
100 1 |a Burger, Ivan  |4 aut  |9 279644 
245 1 0 |a Elektronické prvky  |b Pre odbor technická kybernetika a automatizované systémy riadenia  |c Ivan Burger 
250 |a 1. vyd. Dotl. 
260 |a Bratislava  |b Slovenská vysoká škola technická  |c 1983  |e Bratislava  |f Edičné stredisko SVŠT 
300 |a 133 s., 9,377 AH  |c 29 cm 
366 |e 200 výtl. 
500 |a Lit. 7. Schválilo MŠ SSR ako skriptum. Rozmn. 7 zázn. v češ. 
852 |a Slovenská národná knižnica 
954 |a prvky elektronické 
958 |a NB 
958 |a RM 
958 |a UV 
958 |a OND 
999 |c 613800  |d 615730 
952 |a SNK  |b SNK  |y PREZ  |7 0  |p 17A0776401  |o snkSB 36948  |0 0  |1 0  |4 0  |d 2012-04-02  |f 1  |l 0  |r 2025-04-15 00:00:00  |w 2026-02-23 
952 |t P60, <04>, [BOOK], {604}  |a SNK  |b SNK  |y VYP  |7 0  |p 17A0209297  |o snkSB 36948 D1  |0 0  |1 0  |4 0  |d 1999-09-07  |l 0  |r 2004-12-31 00:00:00  |w 2026-02-23